| 000 | 00756nam a2200217 a 4500 | ||
|---|---|---|---|
| 001 | 000026146 | ||
| 005 | 20200930024337.0 | ||
| 008 | 101013s1980 sp 000 | spa d | ||
| 040 |
_aDO-SdBNP _bspa _cBNPHU |
||
| 041 |
_aspa _hfre _2Código de idioma MARC |
||
| 082 |
_a155 _bP579p, 1980 |
||
| 100 | 1 |
_aPiaget, Jean, _951208 |
|
| 240 | 0 |
_aProblèmes de psychologie génétique _lEspañol |
|
| 245 | 1 | 0 |
_aProblemas de psicología genética / _cJean Piaget ; traducción castellana de Miguel A. Quintanilla y Ana Ma. Tizón. |
| 250 | _a4a ed. | ||
| 260 |
_aBarcelona : _bAriel, _c1980. |
||
| 300 |
_a196 p. ; _c22 cm. |
||
| 534 |
_aTítulo de original : _tProblèmes de psychologie génétique. |
||
| 650 | 4 |
_aPsicología genética _912730 |
|
| 049 | _aBNGR | ||
| 999 |
_c25638 _d25638 |
||